000 00793nam a2200253Ia 4500
003 OSt
005 20221005114317.0
006 a|||||r|||| 00| 0
007 ta
008 221004b |||||||| |||| 00| 0 eng d
024 _a61236
037 _cTextual
040 _aCRL
_cCRL
_beng
041 _2eng
_aeng
082 _aV2:71p2,N82, M5
110 _aInternational Seminar of the Indian Archeological Society (New Delhi) (1982).
_9625764
245 0 _aArcheological perspective of India since independence. Ed by K N Dikshit.
260 _c1985
300 _a186p.
_ccm.
650 _aHISTORY
700 _aInternational Seminar of the Indian Archeological Society (New Delhi) (1982).
_9625765
942 _hV2:71p2,N82, M5
_cTEXL
_2cc
999 _c1030922
_d1030922